| 000 | 00483pab a2200169 454500 | ||
|---|---|---|---|
| 008 | 180718b2009 xxu||||| |||| 00| 0 eng d | ||
| 100 | _aNarayana, B. | ||
| 245 | _aIs the growth rate in agriculture constant? The case of Andhra Pradesh - an empirical analysis | ||
| 260 | _c2009 | ||
| 300 | _ap.665-69. | ||
| 362 | _aFeb | ||
| 650 | _aAgriculture - India - Andhra Pradesh | ||
| 650 | _aAgriculture | ||
| 773 | _aAgricultural Situation in India | ||
| 908 | _aN | ||
| 909 | _a84268 | ||
| 999 |
_c84268 _d84268 |
||